|
|
|
|
| LEADER |
00000cam a2200000 7i4500 |
| 001 |
0000004187 |
| 005 |
20190110.0 |
| 090 |
0 |
0 |
|a 344.59595
|b CITES 2008
|
| 110 |
1 |
0 |
|a Malaysia
|
| 245 |
1 |
0 |
|a Akta Perdagangan Antarabangsa Mengenai Spesies Terancam (2008) :
|b International Trade In Endangered Species Act 2008
|
| 260 |
0 |
0 |
|a Kuala Lumpur :
|b PNMB ,
|c 2008
|
| 300 |
|
|
|a 307p. ;
|c 25cm.
|
| 440 |
0 |
0 |
|a Endangered species
|
| 650 |
0 |
0 |
|a Wildlife conservationa
|
| 710 |
2 |
1 |
|a Undang-Undang Malaysia
|
| 999 |
|
|
|a 008070
|b Monograph
|c Open Shelf
|e Default branch
|
| 999 |
|
|
|a 008071
|b Monograph
|c Open Shelf
|e Default branch
|
| 999 |
|
|
|a 008072
|b Monograph
|c Open Shelf
|e Default branch
|
| 999 |
|
|
|a 008073
|b Monograph
|c Open Shelf
|e Default branch
|
| 999 |
|
|
|a 008074
|b Monograph
|c Open Shelf
|e Default branch
|